01584nam a2200409 i 450000100060000000300080000600500170001400600190003100700150005000800410006501700260010602000270013202000280015903500220018704000310020905000200024008000150026008200150027510000480029024501420033826400460048030000410052633600310056733700330059833800430063150000360067450000220071050400280073258800830076059001620084365000220100565000220102765500270104979700180107685600630109499900170115744002FINmELB20241216222154.0m o d | cr cnu||||||||220625s2021 sp ob 001 0 spa d aM-4621-2021bEspaña a9788412261646q(print) a9788412261653q(e-book) a(OCoLC)1336971085 aFINmELBbspaerdacFINmELB 4aK181bG216 2021 a347.965.4504a340.142231 aGarcía González, José Manuel,eautor.10aGuía de oratoria forense :ba partir de las "Instituciones oratorias" de Quintiliano de Calahorra /cJosé Manuel García González. 1aMadrid :bWolters Kluwer España,c2021. a1 recurso en línea (438 páginas) atextobtxt2rdacontent/spa acomputadorabc2rdamedia/spa arecurso en líneabcr2rdacarrier/spa aIncluye índice sistemático. aIncluye índice. aIncluye bibliografía. aDescripción basada en metadatos suministrados por el editor y otras fuentes. aRecurso electrónico. Santa Fe, Arg.: elibro, 2022. Disponible vía World Wide Web. El acceso puede estar limitado para las bibliotecas afiliadas a elibro. 0aForensic oratory. 4aOratoria forense. 4aLibros electrónicos.2 aelibro, Corp.40uhttps://elibro.net/ereader/politecnicointernacional/175367 c44002d44002